Jazyk rómskej menšiny

Bibliographic Details
Main Author: Adam, Gejza (Author)
Format: Article
Language:Slovak
Subjects:

MARC

LEADER 00000nab a2200000 a 4500
001 vtls000746392
003 SK-MaSNL
005 20260302191651.0
008 180205c2000 xo 0 slo
015 |a SNBRB2001/02-04978 
035 |a CLN000098224 
040 |a SNKBUCL  |b slo  |c SNKBUCL  |e AACR2 
041 0 |a slo 
044 |a xo  |c SK 
080 |a 809.149.9(437.6)  |2 UDC-MRF-SK2 
080 |a 323.15(437.6=914.99):809.149.9  |2 UDC-MRF-SK2 
245 0 0 |a Jazyk rómskej menšiny  |c Gejza Adam ... [et al.] 
650 0 7 |a rómčina  |z Slovensko  |2 snkbucl  |9 592661 
650 0 7 |a romiká  |2 snkbucl  |9 72855 
655 7 |a články z novín a časopisov  |2 snkbucl  |9 267496 
700 1 |a Adam, Gejza  |4 aut  |9 487782 
773 0 |x 1335-2342  |t Dilema  |g Č. 12 (2000), s. 53-56 
850 |a Slovenská národná knižnica v Martine 
852 |a SNK  |b KIS3GCP 
958 |a RBX 
999 |c 1438136  |d 1440066